000
00228nam a22001097a 4500
999
_c
57984
_d
57981
082
_a
624.171VAZ
100
_a
Vazirani, S
245
_a
Steel Tables
260
_a
New Delhi
_b
Kataria and sons
_c
2017
300
_a
167
942
_c
BK